Коллайдер: пер. с англ.

Dades bibliogràfiques
Autor principal: Хэлперн П. Пол
Sumari:Осенью 2008 года газеты запестрели заголовками, сообщавшими, будто в недрах Большого адронного коллайдера (БАК), на котором физики собирались расщепить вещество на элементарные частицы, родятся микроскопические черные дыры, способные поглотить Землю. Какое значение имеет БАК для науки? Что ученые ищут? Почему физика, возможно, вскоре совершит один из величайших рывков в своей истории? Все эти вопросы обсуждаются в книге "Коллайдер". Автор, кроме всего прочего, доказывает, почему невозможно ни практически, ни теоретически, что на БАК появятся черные мини-дыры, которых все так боятся.
Idioma:rus
Publicat: Москва, Эксмо, 2010
Col·lecció:Открытия, которые потрясли мир
Matèries:
Format: MixedMaterials Llibre
KOHA link:https://koha.lib.tpu.ru/cgi-bin/koha/opac-detail.pl?biblionumber=205929

MARC

LEADER 00000nam0a2200000 4500
001 205929
005 20231101225318.0
010 |a 9785699435470 
035 |a (RuTPU)RU\TPU\book\224463 
090 |a 205929 
100 |a 20111220d2010 km y0rusy50 ca 
101 1 |a rus  |c eng 
102 |a RU 
105 |a y z 001zy 
200 1 |a Коллайдер  |e пер. с англ.  |f П. Хэлперн 
210 |a Москва  |c Эксмо  |d 2010 
215 |a 272 с. 
225 1 |a Открытия, которые потрясли мир 
320 |a Библиогр.: с. 260. 
330 |a Осенью 2008 года газеты запестрели заголовками, сообщавшими, будто в недрах Большого адронного коллайдера (БАК), на котором физики собирались расщепить вещество на элементарные частицы, родятся микроскопические черные дыры, способные поглотить Землю. Какое значение имеет БАК для науки? Что ученые ищут? Почему физика, возможно, вскоре совершит один из величайших рывков в своей истории? Все эти вопросы обсуждаются в книге "Коллайдер". Автор, кроме всего прочего, доказывает, почему невозможно ни практически, ни теоретически, что на БАК появятся черные мини-дыры, которых все так боятся. 
606 1 |a Устройства на встречных пучках  |2 stltpush  |3 (RuTPU)RU\TPU\subj\71255  |9 85234 
610 1 |a Большой адронный коллайдер 
610 1 |a альфа-частицы 
610 1 |a рассеяние 
610 1 |a ускорители 
610 1 |a синхротроны 
610 1 |a циклотроны 
610 1 |a накопительные кольца 
610 1 |a темная материя 
610 1 |a темная энергия 
610 1 |a измерения 
610 1 |a черные мини-дыры 
610 1 |a высокие энергии 
610 1 |a перспективы 
675 |a 621.384.665  |v 3 
700 1 |a Хэлперн  |b П.  |g Пол 
801 1 |a RU  |b 63413507  |c 20111220 
801 2 |a RU  |b 63413507  |c 20221212  |g RCR 
942 |c BK